You can win : (Record no. 8964)
[ view plain ]
| 000 -LEADER | |
|---|---|
| fixed length control field | 00493cam a2200193ua 4500 |
| 001 - CONTROL NUMBER | |
| control field | 9969 |
| 005 - DATE AND TIME OF LATEST TRANSACTION | |
| control field | 20260515114541.0 |
| 008 - FIXED-LENGTH DATA ELEMENTS--GENERAL INFORMATION | |
| fixed length control field | 170225n ii |||gr||||Z||||||eng |
| 020 ## - INTERNATIONAL STANDARD BOOK NUMBER | |
| International Standard Book Number | 9789382951711 |
| 040 ## - CATALOGING SOURCE | |
| Transcribing agency | MAIN |
| 041 ## - LANGUAGE CODE | |
| Language code of text/sound track or separate title | eng |
| 082 ## - DEWEY DECIMAL CLASSIFICATION NUMBER | |
| Classification number | 158 |
| 100 ## - MAIN ENTRY--PERSONAL NAME | |
| Personal name | Khera, Shiv, |
| Relator term | Author. |
| 245 ## - TITLE STATEMENT | |
| Title | You can win : |
| Remainder of title | a step by step tool for top achievers / |
| Statement of responsibility, etc. | By Shiv Khera . |
| 260 ## - PUBLICATION, DISTRIBUTION, ETC. | |
| Place of publication, distribution, etc. | New Delhi: |
| Name of publisher, distributor, etc. | Bloomsbury, |
| Date of publication, distribution, etc. | 2013. |
| 300 ## - PHYSICAL DESCRIPTION | |
| Extent | 295p. |
| 653 ## - INDEX TERM--UNCONTROLLED | |
| Uncontrolled term | Applied psychology |
| 942 ## - ADDED ENTRY ELEMENTS (KOHA) | |
| Koha item type | Books |
| Withdrawn status | Lost status | Damaged status | Not for loan | Home library | Current library | Shelving location | Date acquired | Total checkouts | Full call number | Barcode | Date last seen | Copy number | Price effective from | Koha item type |
|---|---|---|---|---|---|---|---|---|---|---|---|---|---|---|
| Naharkatiya College Library | Naharkatiya College Library | General stacks | 09/19/2020 | 158 | KHE | 23592 | 09/19/2020 | 1 | 09/19/2020 | Books |